<?xml version="1.0" encoding="UTF-8"?>
<record
    xmlns:xsi="http://www.w3.org/2001/XMLSchema-instance"
    xsi:schemaLocation="http://www.loc.gov/MARC21/slim http://www.loc.gov/standards/marcxml/schema/MARC21slim.xsd"
    xmlns="http://www.loc.gov/MARC21/slim">

  <leader>02133nam a22002177a 4500</leader>
  <controlfield tag="005">20260227100618.0</controlfield>
  <controlfield tag="008">211007b           ||||| |||| 00| 0 eng d</controlfield>
  <datafield tag="020" ind1=" " ind2=" ">
    <subfield code="a">9789353450700</subfield>
  </datafield>
  <datafield tag="040" ind1=" " ind2=" ">
    <subfield code="c">AL</subfield>
  </datafield>
  <datafield tag="041" ind1=" " ind2=" ">
    <subfield code="a">eng</subfield>
  </datafield>
  <datafield tag="082" ind1=" " ind2=" ">
    <subfield code="2">23</subfield>
    <subfield code="a">330</subfield>
    <subfield code="b">BANG</subfield>
  </datafield>
  <datafield tag="100" ind1=" " ind2=" ">
    <subfield code="a">Abhijit V Banerjee</subfield>
    <subfield code="9">257005</subfield>
  </datafield>
  <datafield tag="245" ind1=" " ind2=" ">
    <subfield code="a">Good Economics for Hard Times</subfield>
  </datafield>
  <datafield tag="260" ind1=" " ind2=" ">
    <subfield code="a">New Delhi</subfield>
    <subfield code="b">Juggernaut</subfield>
    <subfield code="c">2019</subfield>
  </datafield>
  <datafield tag="300" ind1=" " ind2=" ">
    <subfield code="a">x,403 p.</subfield>
    <subfield code="b">PB</subfield>
    <subfield code="c">20X14 cm</subfield>
  </datafield>
  <datafield tag="365" ind1=" " ind2=" ">
    <subfield code="a">2775</subfield>
    <subfield code="b">&#x20B9;559.20</subfield>
    <subfield code="c">&#x20B9;</subfield>
    <subfield code="d">&#x20B9;699.00</subfield>
    <subfield code="e">20%</subfield>
    <subfield code="f">04-10-2021</subfield>
  </datafield>
  <datafield tag="520" ind1=" " ind2=" ">
    <subfield code="a">s opening up to international trade good for everybody? Do immigrants from poorer countries take away jobs from low-income native workers? Why is inequality exploding everywhere? Does redistribution actually undermine incentives? Should we worry about the rise of artificial intelligence or celebrate it? How do we manage the trade-off between growth and climate change? Is economic growth over in theWest? Should we care? Figuring out how to deal with todays critical economic problems is the great challenge of our time. Much greater than space travel, perhaps even than curing cancer what is at stake is the whole idea of the good life and, perhaps, of liberal democracy itself.We have the resources to solve these problems; what we lack are ideas that will help us jump the wall of disagreement and distrust that divides us. Only if we can engage seriously in this quest,and if the best minds in the world work with governments and civil society to redesign our social programs for effectiveness and political viability, will history remember our era with gratitude. In this revolutionary book, renowned MIT economists Abhijit V. Banerjee and Esther Duflo take on this challenge, building on cutting-edge research in economics, explained with lucidity and grace. Original, provocative,and urgent,Good Economics for Hard Times makes a persuasive case for intelligent interventions toward a society built on compassion and respect. It is an extraordinary book, one that will help us appreciate and understand our precariously balanced world.........</subfield>
  </datafield>
  <datafield tag="650" ind1=" " ind2=" ">
    <subfield code="a">Economics</subfield>
    <subfield code="9">881</subfield>
  </datafield>
  <datafield tag="700" ind1=" " ind2=" ">
    <subfield code="a">Duflo, Esther</subfield>
    <subfield code="9">883</subfield>
  </datafield>
  <datafield tag="942" ind1=" " ind2=" ">
    <subfield code="2">ddc</subfield>
    <subfield code="c">BK</subfield>
  </datafield>
  <datafield tag="999" ind1=" " ind2=" ">
    <subfield code="c">216513</subfield>
    <subfield code="d">216513</subfield>
  </datafield>
  <datafield tag="952" ind1=" " ind2=" ">
    <subfield code="0">0</subfield>
    <subfield code="1">0</subfield>
    <subfield code="2">ddc</subfield>
    <subfield code="4">0</subfield>
    <subfield code="7">0</subfield>
    <subfield code="8">ECO</subfield>
    <subfield code="a">AL</subfield>
    <subfield code="b">AL</subfield>
    <subfield code="d">2021-10-07</subfield>
    <subfield code="e">Biblios Book Point</subfield>
    <subfield code="g">559.00</subfield>
    <subfield code="l">0</subfield>
    <subfield code="o">330 BANG</subfield>
    <subfield code="p">074987</subfield>
    <subfield code="r">2021-10-07 00:00:00</subfield>
    <subfield code="v">699.00</subfield>
    <subfield code="w">2021-10-07</subfield>
    <subfield code="y">BK</subfield>
  </datafield>
</record>
